Hacia una nueva ciencia española / (Record no. 81851)

MARC details
000 -LEADER
campo de control de longitud fija 00616nam a2200169 i 4500
001 - NÚMERO DE CONTROL
campo de control 81851
003 - IDENTIFICADOR DE NÚMERO DE CONTROL
campo de control ES-MaACL
005 - FECHA Y HORA DE LA ÚLTIMA TRANSACCIÓN
campo de control 20231227193959.0
007 - CAMPO FIJO DE DESCRIPCIÓN FÍSICA--INFORMACIÓN GENERAL
campo de control de longitud fija t|
008 - DATOS DE LONGITUD FIJA--INFORMACIÓN GENERAL
campo de control de longitud fija 041108s1940 sp ||||1| spa d
100 1# - ENTRADA PRINCIPAL--NOMBRE DE PERSONA
Nombre de persona Ibáñez Martín, José,
Fechas asociadas al nombre 1896-1969
9 (RLIN) 64934
245 10 - MENCIÓN DEL TÍTULO
Título Hacia una nueva ciencia española /
Mención de responsabilidad, etc. discurso pronunciado por José Ibáñez Martínez en el acto inaugural del Consejo Superior de Investigaciones Científicas el 30 de octubre 1940.
260 ## - PUBLICACIÓN, DISTRIBUCIÓN, ETC.
Lugar de publicación, distribución, etc. Madrid :
Nombre del editor, distribuidor, etc. [s.n.,
Fecha de publicación, distribución, etc. 1940] (
Fabricante Samarán)
300 ## - DESCRIPCIÓN FÍSICA
Extensión 30 p. ;
Dimensiones 25 cm.
852 ## - LOCALIZACIÓN
Ubicación ES-MaACL
Número de control de estantería 1685-F-22
Sublocalización o colección R.18587
Holdings
Estatus retirado Estado de pérdida Estado de daño No para préstamo Colección Biblioteca de origen Biblioteca actual Ubicación en estantería Fecha de adquisición Fuente de adquisición Total de préstamos Signatura topográfica completa Código de barras Visto por última vez Precio de reemplazo Tipo de ítem Koha
        Colección de folletos Biblioteca del Ateneo de Madrid Biblioteca del Ateneo de Madrid Depósito folletos 17/01/2008     1685-F-22 1085552 23/02/2023 23/02/2023 Folleto